Exploring Macroscopic Quantum Mechanics in Optomechanical Devices

Recent state-of-the-art technologies in fabricating low-loss optical and mechanical components have significantly motivated the study of quantum-limited measurements with optomechanical devices. Such research is the main subject of this thesis. In the first part, the author considers various approac...

Πλήρης περιγραφή

Λεπτομέρειες βιβλιογραφικής εγγραφής
Κύριος συγγραφέας: Miao, Haixing (Συγγραφέας)
Συγγραφή απο Οργανισμό/Αρχή: SpringerLink (Online service)
Μορφή: Ηλεκτρονική πηγή Ηλ. βιβλίο
Γλώσσα:English
Έκδοση: Berlin, Heidelberg : Springer Berlin Heidelberg, 2012.
Σειρά:Springer Theses
Θέματα:
Διαθέσιμο Online:Full Text via HEAL-Link
LEADER 03437nam a22005775i 4500
001 978-3-642-25640-0
003 DE-He213
005 20151103121857.0
007 cr nn 008mamaa
008 120111s2012 gw | s |||| 0|eng d
020 |a 9783642256400  |9 978-3-642-25640-0 
024 7 |a 10.1007/978-3-642-25640-0  |2 doi 
040 |d GrThAP 
050 4 |a QB460-466 
072 7 |a PHVB  |2 bicssc 
072 7 |a SCI005000  |2 bisacsh 
082 0 4 |a 523.01  |2 23 
100 1 |a Miao, Haixing.  |e author. 
245 1 0 |a Exploring Macroscopic Quantum Mechanics in Optomechanical Devices  |h [electronic resource] /  |c by Haixing Miao. 
264 1 |a Berlin, Heidelberg :  |b Springer Berlin Heidelberg,  |c 2012. 
300 |a XXII, 206 p.  |b online resource. 
336 |a text  |b txt  |2 rdacontent 
337 |a computer  |b c  |2 rdamedia 
338 |a online resource  |b cr  |2 rdacarrier 
347 |a text file  |b PDF  |2 rda 
490 1 |a Springer Theses 
505 0 |a 1 Introduction -- 2 Quantum Theory of Gravitational-Wave Detectors -- 3 Modifying Input Optics: Double Squeezed-input -- 4 Modifying Test-Mass Dynamics: Double Optical Spring -- 5 Measuring a Conserved Quantity: Variational Quadrature Readout -- 6 MQM with Three-Mode Optomechanical Interactions -- 7 Achieving the Ground State and Enhancing Optomechanical Entanglement -- 8 Universal Entanglement Between an Oscillator and Continuous Fields -- 9 Nonlinear Optomechanical System for Probing Mechanical Energy Quantization -- 10 State Preparation: Non-Gaussian Quantum State -- 11 Probing Macroscopic Quantum States -- 12 Conclusions and Future Work -- 13 List of Publications -- Bibliography. 
520 |a Recent state-of-the-art technologies in fabricating low-loss optical and mechanical components have significantly motivated the study of quantum-limited measurements with optomechanical devices. Such research is the main subject of this thesis. In the first part, the author considers various approaches for surpassing the standard quantum limit for force measurements. In the second part, the author proposes different experimental protocols for using optomechanical interactions to explore quantum behaviors of macroscopic mechanical objects. Even though this thesis mostly focuses on large-scale laser interferometer gravitational-wave detectors and related experiments, the general approaches apply equally well for studying small-scale optomechanical devices. The author is the winner of the 2010 Thesis prize awarded by the Gravitational Wave International Committee. 
650 0 |a Physics. 
650 0 |a Gravitation. 
650 0 |a Astrophysics. 
650 0 |a Lasers. 
650 0 |a Photonics. 
650 0 |a Physical measurements. 
650 0 |a Measurement. 
650 0 |a Optics. 
650 0 |a Optoelectronics. 
650 0 |a Plasmons (Physics). 
650 1 4 |a Physics. 
650 2 4 |a Astrophysics and Astroparticles. 
650 2 4 |a Laser Technology, Photonics. 
650 2 4 |a Measurement Science and Instrumentation. 
650 2 4 |a Classical and Quantum Gravitation, Relativity Theory. 
650 2 4 |a Optics, Optoelectronics, Plasmonics and Optical Devices. 
710 2 |a SpringerLink (Online service) 
773 0 |t Springer eBooks 
776 0 8 |i Printed edition:  |z 9783642256394 
830 0 |a Springer Theses 
856 4 0 |u http://dx.doi.org/10.1007/978-3-642-25640-0  |z Full Text via HEAL-Link 
912 |a ZDB-2-PHA 
950 |a Physics and Astronomy (Springer-11651)